Eastern Utah Libraries Catalog: Duchesne, Heber, Roosevelt, & Vernal

Playing with fire / (Record no. 323508)

MARC details
000 -LEADER
fixed length control field 03017ngm a22006974i 4500
005 - DATE AND TIME OF LATEST TRANSACTION
control field 20200320222906.0
007 - PHYSICAL DESCRIPTION FIXED FIELD--GENERAL INFORMATION
fixed length control field vd cvaizk
008 - FIXED-LENGTH DATA ELEMENTS--GENERAL INFORMATION
fixed length control field 200110s2020 096 ## v eng d
020 ## - INTERNATIONAL STANDARD BOOK NUMBER
Terms of availability 25.99
024 1# - OTHER STANDARD IDENTIFIER
Standard number or code 032429334305
040 ## - CATALOGING SOURCE
Original cataloging agency NjBwBT
Language of cataloging eng
Description conventions rda
Transcribing agency NjBwBT
Modifying agency CTMM
041 0# - LANGUAGE CODE
Language code of text/sound track or separate title eng
Language code of original and/or intermediate translations of text eng
050 14 - LIBRARY OF CONGRESS CALL NUMBER
Classification number PN1995.9.C55
Item number P53 2019
082 04 - DEWEY DECIMAL CLASSIFICATION NUMBER
Classification number [Fic]
Edition number 23
130 0# - MAIN ENTRY--UNIFORM TITLE
Uniform title Playing with fire (Motion picture : 2019).
9 (RLIN) 6017225
245 10 - TITLE STATEMENT
Title Playing with fire /
Statement of responsibility, etc produced by Todd Garner, Sean Robbins ; written by Dan Ewen, Matt Lienberman ; directed by Andy Fickman.
264 #1 - Production, Publication, Distribution, Manufacture, and Copyright Notice.
Place of production, publication, distribution, manufacture Hollywood, California :
Name of producer, publisher, distributor, manufacturer Paramount,
Date of production, publication, distribution, manufacture, or copyr [2019]
264 #2 - Production, Publication, Distribution, Manufacture, and Copyright Notice.
Place of production, publication, distribution, manufacture Old Saybrook, Connecticut :
Name of producer, publisher, distributor, manufacturer www.micromarketing.org
300 ## - PHYSICAL DESCRIPTION
Extent 1 videodisc (96 min.) :
Other physical details sound, color ;
Dimensions 4 3/4 in.
336 ## - Content Type
Content type term two-dimensional moving image
337 ## - Media type
Media type term video
337 ## - Media type
Media type term video
338 ## - Carrier type
Carrier type term videodisc
338 ## - Carrier type
Carrier type term videodisc
344 ## -
-- digital
-- optical
-- rda
-- unknown
-- unknown.
344 ## -
-- digital
-- optical
-- stereo
-- rda
345 ## -
-- widescreen (1.78:1)
-- 24 fps
-- rda.
346 ## -
-- NTSC
-- rda.
346 ## -
-- NTSC
-- rda
347 ## -
-- video file
-- region 1
-- rda
-- DVD video.
347 ## -
-- video file
-- DVD video
-- region 1
-- rda
380 ## -
-- Motion picture.
500 ## - GENERAL NOTE
General note Wide screen 1.85:1.
500 ## - GENERAL NOTE
General note Widescreen edition.
500 ## - GENERAL NOTE
General note [Typographic symbols and accents removed for systems compatibility.]
511 1# - PARTICIPANT OR PERFORMER NOTE
Participant or performer note John Cena, Keegan-Michael Key, John Leguizamo, Brianna Hildebrand, Dennis Haysbert.
520 ## - SUMMARY, ETC.
Summary, etc Three firefighters suddenly have their hands full when they rescue a trio of rambunctious kids.
521 8# - TARGET AUDIENCE NOTE
Target audience note NR (not rated).
538 ## - SYSTEM DETAILS NOTE
System details note DVD, color, widescreen, NTSC.
546 ## - LANGUAGE NOTE
Language note English audio.
588 ## -
-- Title and description based on researched data; resource not viewed.
650 #0 - SUBJECT ADDED ENTRY--TOPICAL TERM
Topical term or geographic name as entry element Fire fighters
Form subdivision Drama.
9 (RLIN) 5736410
650 #0 - SUBJECT ADDED ENTRY--TOPICAL TERM
Topical term or geographic name as entry element Fire stations
Form subdivision Drama.
9 (RLIN) 6017226
655 #7 - INDEX TERM--GENRE/FORM
Genre/form data or focus term Comedy films.
Source of term lcgft.
9 (RLIN) 102658
655 #7 - INDEX TERM--GENRE/FORM
Genre/form data or focus term Feature films.
Source of term lcgft.
9 (RLIN) 6017227
655 #7 - INDEX TERM--GENRE/FORM
Genre/form data or focus term Fiction films.
Source of term lcgft.
9 (RLIN) 5674705
655 #7 - INDEX TERM--GENRE/FORM
Genre/form data or focus term Feature films.
Source of term lcgft
9 (RLIN) 6017227
655 #7 - INDEX TERM--GENRE/FORM
Genre/form data or focus term Television series.
Source of term lcgft
9 (RLIN) 5674288
655 #7 - INDEX TERM--GENRE/FORM
Genre/form data or focus term Made-for-TV movies.
Source of term lcgft
9 (RLIN) 6017228
655 #7 - INDEX TERM--GENRE/FORM
Genre/form data or focus term Documentary films.
Source of term lcgft.
9 (RLIN) 6017229
655 #7 - INDEX TERM--GENRE/FORM
Genre/form data or focus term Animated films.
Source of term lcgft
9 (RLIN) 6017230
700 1# - ADDED ENTRY--PERSONAL NAME
Personal name Fickman, Andy,
Relator term director.
9 (RLIN) 72528
700 1# - ADDED ENTRY--PERSONAL NAME
Personal name Cena, John,
Relator term actor.
9 (RLIN) 6017231
700 1# - ADDED ENTRY--PERSONAL NAME
Personal name Key, Keegan-Michael,
Dates associated with a name 1971-
Relator term actor.
9 (RLIN) 5947751
700 1# - ADDED ENTRY--PERSONAL NAME
Personal name Leguizamo, John,
Relator term actor.
9 (RLIN) 6017232
775 08 - OTHER EDITION ENTRY
Display text Reproduction of (manifestation):
Uniform title Playing with fire (Motion picture : 2019)
Title Playing with fire
Place, publisher, and date of publication Hollywood, California : Paramount, [2019]
Physical description 2 videodiscs (96 min.) : sound, color ; 4 3/4 in.
Other item identifier 032429334282.
942 ## - ADDED ENTRY ELEMENTS (KOHA)
Koha item type DVD
948 ## - LOCAL PROCESSING INFORMATION (OCLC); SERIES PART DESIGNATOR (RLIN)
Series part designator, SPT (RLIN) 01/17/2020
z (OCLC) Sirsi
949 ## - LOCAL PROCESSING INFORMATION (OCLC)
n www.MicroMarketing.org 800-229-9887
996 ## -
-- 174277
-- 34301001681081
-- DVD
-- DVD
-- wcl
-- o
-- 2
-- 20.79
-- MicroMarketing
-- Pla
-- 02/27/2020
-- 03/05/2020
-- 03/13/2020
Holdings
Withdrawn status Lost status Source of classification or shelving scheme Damaged status Not for loan Collection code Home library Current library Shelving location Date acquired Source of acquisition Cost, normal purchase price Total Checkouts Total Renewals Full call number Barcode Date last seen Date checked out Cost, replacement price Price effective from Koha item type
    Dewey Decimal Classification     Movies Wasatch County Library Wasatch County Library Audio Visual Area 02/27/2020   20.79 12 13 DVD Pla 34301001681081 04/21/2025 04/14/2025 20.79 03/20/2020 DVD
This project was made possible through a grant from the Institute of Museum and Library Service administered by the Utah State Library Division.

Wasatch County Library

  • 465 East 1200 South, Heber City, Utah 84032
  • Phone 435-654-1511 | Fax 435-654-6456

Hours

  • Monday - Friday 9:30 AM - 8:00 PM
  • Saturday 9:30 AM - 1:30 PM
  • Closed Sundays and Holidays